00481nam a22001817a 4500003000400000005001700004008004100021050002200062082002500084245003700109260003800146300002000184500002100204520005000225521001200275541000600287562000600293OSt20140310181735.0130319t xxu||||| |||| 00| 0 eng d aGN 1 b.B773 1976 aTR 133.9 bBo66 1976 aPossession /cErika Bourguignon. aUS:bWaveland Press, Inc.,c1976. a78 p. :c23 cm. aIncludes index.  a1. Spirit possision 2. Trance 3. Voodoosism aFaculty j1 e1